02695cam a22004334i 4500003000900000005001700009008004100026035001900067035001900086040003300105082001800138100005100156245013500207264009200342300003900434336002100473337002500494338002300519490006400542500007000606505130600676526001001982526001001992526000902002526000902011526000902020526000902029526000902038526000902047526000902056526000802065526000802073526000802081526000802089526000802097650003102105650004802136710007702184PE-LiUPU20250731165551.0150625s r 000 0 d a(Sirsi) a34549 a(Sirsi) a34549 aPE-LiUPUbspacPE-LiUPUerda04a985.04bD2231 aUgarte Chamorro, Guillermo, 1920-1998,eautor.13aEl teatro en la independencia :nVolumen 2. /cInvestigación, recopilación y estudio preliminar por Guillermo Ugarte Chamorro. 1aLima :bComisión Nacional del Sesquicentenario de la Independencia del Perú,c1974. a384 páginas ;c24 centímetros. atext2rdacontent aunmediated2rdamedia avolume2rdacarrier0 aColección Documental de la Independencia del Perú ;v25 aAño del sesquicentenario de las Batallas de Junín y Ayacucho" aLoa que antecede a la comedia en celebridad de la jura de la Independencia. Manuel de Santiago Concha. Lima. 1821 -- Patriotas de Lima en la Noche Feliz. Manuel de Santiago Concha. Lima 1821 -- Lima Libre. ("Drama alegórico"). Lima. 1821 – El hijo del Sud. (Alegoría en un acto). Luis Ambrosio Morante. Buenos Aires. 1915 ó 1816 -- Túpac Amaru. (Drama en cinco actos). Luis Ambrosio Morante. Buenos Aires 1821 -- Defensa y Triunfo del Tucumán por el General Belgrano. ("Pieza Militar" en dos actos). Luis Ambrosio Morante. Buenos Aires 1821 -- El Refugio de Amor en Chile. Introducción mitológica para la tragedia "Hamlet". Luis Ambrosio Morante. Santiago de Chile. 1824 -- Alocución Teatral. Luis Ambrosio Morante. Santiago de Chile. 1824. -- Alocución Teatral. Luis Ambrosio Morante. Santiago de Chile 1828 -- Loa en Memoria del Primer Aniversario de la Batalla de Ayacucho. Manuel López Lissón. Lima. 1825 -- Loa en Memoria a la Independencia del Perú. "S.B." Felipe Pardo y Aliaga?. Lima 1828 -- Entremés de Navidad. Anónimo. Ayacucho 1828 -- Un Pedazo de Entremés. José Domingo González de Matos. Cuzco. 1830 -- Pizarro. Tragedia en cinco actos escrita en inglés por Richard Sheridan y traducida al castellano por Juan García del Río. Valparaíso. 1844. aSEG44 aSEG26 aP151 aP150 aP149 aP146 aP145 aP126 aP125 aP92 aP75 aP74 aP27 aP1504aTeatro peruanoySiglo XIX.04aTeatro históricozPerúyEmancipación. aComisión Nacional del Sesquicentenario de la Independencia del Perú.